| 000 | 00711nam a2200241Ia 4500 | ||
|---|---|---|---|
| 003 | OSt | ||
| 005 | 20220923225955.0 | ||
| 006 | a|||||r|||| 00| 0 | ||
| 007 | ta | ||
| 008 | 220922b |||||||| |||| 00| 0 san d | ||
| 024 | _a276,444 | ||
| 037 | _cTextual | ||
| 040 |
_aARTS _cARTS _bsan |
||
| 041 |
_2san _asan |
||
| 082 | _aP15,Cx1,1,2, 15M7.1,1 | ||
| 100 |
_aपात×जलिं _9168880 |
||
| 245 | 0 | _aपात×जलं महाभाष्यम् | |
| 246 | _aPāta×jalan hinābhāṣhyam | ||
| 260 | _c1988 | ||
| 650 | _aसंस्कृत साहित्य | ||
| 942 |
_hP15,Cx1,1,2, 15M7.1,1 _cTEXL _2CC |
||
| 999 |
_c381701 _d381701 |
||